[Event "RA Fall op U1600"]
[Site "Ottawa CAN"]
[Date "2018.09.15"]
[Round "3"]
[White "Dupont-Mageau, Nicolas"]
[Black "Sass, Naven"]
[Result "1-0"]
[WhiteElo "1335"]
[BlackElo "1436"]
[PlyCount "87"]
[EventDate "2018.09.14"]
[EventType "swiss"]
[EventRounds "5"]
[EventCountry "CAN"]

1. e4 e5 2. Nf3 Nf6 3. Nxe5 d6 4. Nf3 Nxe4 5. Qe2 Qe7 6. d3 Nf6 7. Nc3 Bg4 8.
Qxe7+ Bxe7 9. Nd4 c5 10. Ndb5 Na6 11. Bf4 d5 12. Nd6+ Bxd6 13. Bxd6 Nb4 14. Kd2
b6 15. h3 Be6 16. Be2 Rd8 17. Nb5 Bc8 18. Rhe1 Kd7 19. a3 a6 20. axb4 axb5 21.
bxc5 Kc6 22. Be7 Rde8 23. Bxf6 gxf6 24. cxb6 Rhg8 25. Bf3 Rxe1 26. Rxe1 Be6 27.
c4 Rb8 28. cxd5+ Bxd5 29. Bxd5+ Kxd5 30. Re7 Rxb6 31. Rxf7 Ra6 32. Rd7+ Kc5 33.
Kc3 Ra1 34. Rxh7 Rc1+ 35. Kd2 Rb1 36. Kc2 Rf1 37. Rh5+ Kb4 38. Rf5 Rg1 39. g3
Re1 40. Rf4+ Kc5 41. Rxf6 Re2+ 42. Kb3 Kd4 43. h4 Kxd3 44. Rd6+ 1-0

[Event "RA Fall op U1600"]
[Site "Ottawa CAN"]
[Date "2018.09.16"]
[Round "4"]
[White "Dupont-Mageau, Nicolas"]
[Black "Labib, Daniel"]
[Result "1-0"]
[WhiteElo "1335"]
[BlackElo "1477"]
[PlyCount "59"]
[EventDate "2018.09.14"]
[EventType "swiss"]
[EventRounds "5"]
[EventCountry "CAN"]

1. e4 c5 2. Nf3 Nc6 3. d4 cxd4 4. Nxd4 Nf6 5. Nc3 g6 6. Be3 Bg7 7. f3 O-O 8.
Qd2 d5 9. O-O-O dxe4 10. Nxc6 Qxd2+ 11. Rxd2 bxc6 12. Nxe4 Nd5 13. Bg5 f6 14.
Bc4 Be6 15. Be3 Bf7 16. Bxd5 cxd5 17. Nc3 Rfd8 18. Rhd1 e6 19. Ne2 e5 20. f4 d4
21. Kb1 Rdc8 22. Bf2 Rab8 23. Bg3 a5 24. c3 dxc3 25. Nxc3 Bf8 26. fxe5 Rxc3 27.
e6 Rb5 28. exf7+ Kxf7 29. Rd7+ Be7 30. Re1 1-0

[Event "RA Fall op U1600"]
[Site "Ottawa CAN"]
[Date "2018.09.16"]
[Round "5"]
[White "Wright, Jim"]
[Black "Dupont-Mageau, Nicolas"]
[Result "0-1"]
[WhiteElo "1354"]
[BlackElo "1335"]
[PlyCount "42"]
[EventDate "2018.09.14"]
[EventType "swiss"]
[EventRounds "5"]
[EventCountry "CAN"]

1. d4 Nf6 2. Bg5 g6 3. Bxf6 exf6 4. e4 Bg7 5. Nf3 d6 6. Nc3 O-O 7. Bd3 Re8 8.
O-O Nc6 9. Bb5 Bd7 10. Re1 a6 11. Bxc6 Bxc6 12. d5 Bd7 13. Rc1 f5 14. Qd2 Re7
15. exf5 Bxf5 16. Rxe7 Qxe7 17. Re1 Qf6 18. Nd1 Bg4 19. Re4 Bxf3 20. Rf4 Qg5
21. g3 Qxd5 0-1

[Event "RA Fall op U1900"]
[Site "Ottawa CAN"]
[Date "2018.09.14"]
[Round "1"]
[White "Schofield, Mike"]
[Black "Laurin, Marcel"]
[Result "1-0"]
[WhiteElo "1899"]
[BlackElo "1670"]
[PlyCount "89"]
[EventDate "2018.09.14"]
[EventType "swiss"]
[EventRounds "5"]
[EventCountry "CAN"]

1. c4 g6 2. Nc3 Bg7 3. g3 Nf6 4. Bg2 c6 5. e4 d6 6. Nge2 e5 7. O-O Be6 8. Qa4
Nbd7 9. d3 Nc5 10. Qc2 Qd7 11. b4 Na6 12. b5 Nc7 13. Qa4 c5 14. Bd2 b6 15. Qc2
Bh3 16. Qc1 Bxg2 17. Kxg2 h5 18. h4 O-O-O 19. a4 Kb7 20. a5 Ra8 21. axb6 axb6
22. Rxa8 Rxa8 23. Qb2 Qc8 24. Ra1 Rxa1 25. Qxa1 Qa8 26. Qxa8+ Kxa8 27. f3 Nfe8
28. Kh3 Bf8 29. g4 Nf6 30. Ng3 hxg4+ 31. fxg4 Ne6 32. g5 Nd7 33. Nd5 Kb7 34.
Be3 Bg7 35. h5 gxh5 36. Nxh5 Bf8 37. Kg4 Ka7 38. Nhf6 Nxf6+ 39. Nxf6 Be7 40.
Ng8 Bf8 41. Kf5 Bg7 42. Nh6 Nd8 43. Ng8 Kb7 44. Nf6 Kc7 45. Ne8+ 1-0

[Event "RA Fall op U1900"]
[Site "Ottawa CAN"]
[Date "2018.09.15"]
[Round "2"]
[White "Laurin, Marcel"]
[Black "Poulin, Rene"]
[Result "1-0"]
[WhiteElo "1670"]
[BlackElo "1668"]
[PlyCount "59"]
[EventDate "2018.09.14"]
[EventType "swiss"]
[EventRounds "5"]
[EventCountry "CAN"]

1. d4 g6 2. Nf3 Bg7 3. Bf4 d6 4. Nc3 b6 5. e4 Nd7 6. Bc4 Bb7 7. Bxf7+ Kxf7 8.
Ng5+ Ke8 9. Ne6 Qc8 10. Nb5 Kf7 11. Nbxc7 Bxe4 12. Ng5+ Kf8 13. Nce6+ Ke8 14.
Nxg7+ Kf8 15. N7e6+ Ke8 16. Nxe4 Ngf6 17. Qe2 Nxe4 18. Qxe4 Nf6 19. Qe2 Kf7 20.
Ng5+ Kf8 21. O-O h6 22. Ne6+ Kf7 23. Rae1 d5 24. Nc7 Qd7 25. Nxa8 Rxa8 26. Bxh6
Rh8 27. Qe3 Ng4 28. Qf4+ Qf5 29. Qxf5+ gxf5 30. Bf4 1-0

[Event "RA Fall op U1900"]
[Site "Ottawa CAN"]
[Date "2018.09.15"]
[Round "3"]
[White "Lavergne, Daniel"]
[Black "Laurin, Marcel"]
[Result "1/2-1/2"]
[WhiteElo "1791"]
[BlackElo "1870"]
[PlyCount "67"]
[EventDate "2018.09.14"]
[EventType "swiss"]
[EventRounds "5"]
[EventCountry "CAN"]

1. e4 Nf6 2. e5 Nd5 3. c4 Nb6 4. c5 Nd5 5. Bc4 e6 6. Nc3 Nxc3 7. bxc3 Bxc5 8.
d4 Be7 9. Qg4 g6 10. Nf3 d5 11. Bd3 h5 12. Qg3 Kd7 13. Bg5 c6 14. O-O h4 15.
Qf4 Rh7 16. Bxe7 Qxe7 17. Ng5 Rg7 18. Qxh4 Kc7 19. f4 Nd7 20. Qh6 Qf8 21. Bxg6
Rxg6 22. Qxg6 fxg6 23. Nxe6+ Kb8 24. Nxf8 Nxf8 25. h3 Bf5 26. g4 Be4 27. Rae1
Ne6 28. Kh2 Kc7 29. f5 gxf5 30. gxf5 Ng5 31. Re3 Rh8 32. Rg3 Rh5 33. f6 Ne6 34.
f7 1/2-1/2

[Event "RA Fall op U1900"]
[Site "Ottawa CAN"]
[Date "2018.09.16"]
[Round "4"]
[White "Laurin, Marcel"]
[Black "Krolczyk, Jacob"]
[Result "1-0"]
[WhiteElo "1670"]
[BlackElo "1834"]
[PlyCount "29"]
[EventDate "2018.09.14"]
[EventType "swiss"]
[EventRounds "5"]
[EventCountry "CAN"]

1. d4 Nf6 2. Nf3 g6 3. Bf4 d6 4. h3 Bg7 5. Nc3 O-O 6. e4 Nbd7 7. Qd2 Nh5 8. Bh6
e5 9. Bxg7 Kxg7 10. g4 Nhf6 11. O-O-O a6 12. dxe5 dxe5 13. Nxe5 Re8 14. f4 b5
15. Nc6 1-0

[Event "RA March op"]
[Site "Ottawa CAN"]
[Date "2018.03.02"]
[Round "1"]
[White "Gordon, David"]
[Black "Simic, Dusan"]
[Result "0-1"]
[WhiteElo "2292"]
[BlackElo "2091"]
[PlyCount "142"]
[EventDate "2018.03.02"]
[EventType "swiss"]
[EventRounds "5"]
[EventCountry "CAN"]

1. d4 Nf6 2. Bg5 e6 3. e4 Be7 4. Nd2 d5 5. e5 Nfd7 6. Be3 c5 7. c3 Nc6 8. Ne2
b6 9. Ng3 Bb7 10. f4 g6 11. a3 Qc7 12. Bd3 c4 13. Bc2 b5 14. O-O O-O-O 15. Qe2
h5 16. Nf3 Rdf8 17. Nh1 Kb8 18. Nf2 Bd8 19. Rae1 Be7 20. g3 Nb6 21. h3 Bc8 22.
Kg2 Ka8 23. Rh1 Bd7 24. Rh2 Rb8 25. Reh1 Na4 26. Bc1 Na5 27. Nd1 Nb3 28. Bxb3
cxb3 29. Nd2 b4 30. axb4 Bb5 31. Qe3 g5 32. Nxb3 gxf4 33. gxf4 Rbg8+ 34. Kf3
Bh4 35. Rg1 Rxg1 36. Qxg1 Qc4 37. Nd2 Qd3+ 38. Ne3 Qh7 39. Rg2 Bd3 40. Rg7 Qh6
41. Rg8+ Kb7 42. Rxh8 Qxh8 43. Nd1 Nb6 44. b3 Nc8 45. Ke3 Qh7 46. Nf2 Bc2 47.
Nf3 Bxf2+ 48. Kxf2 Bxb3 49. Qe1 Qf5 50. Ng5 Ne7 51. Qe2 Bc4 52. Qd1 Ng6 53. Qd2
Ne7 54. Qe3 Qc2+ 55. Qd2 Qf5 56. Qd1 Ng6 57. Kf3 Bb5 58. Kg3 h4+ 59. Kf3 Bd3
60. Qe1 Bc4 61. Be3 Bd3 62. Qc1 Bb5 63. Qg1 Qc2 64. Qe1 Qf5 65. Qd2 Bc4 66. Bf2
Qb1 67. Kg4 Qf5+ 68. Kh5 Be2+ 69. Kh6 Nxf4 70. Kg7 Qxg5+ 71. Kxf7 Bh5+ 0-1

[Event "RA March op"]
[Site "Ottawa CAN"]
[Date "2018.03.02"]
[Round "1"]
[White "Sambuev, Bator"]
[Black "Beckwith, Paul"]
[Result "1-0"]
[WhiteElo "2581"]
[BlackElo "2113"]
[PlyCount "71"]
[EventDate "2018.03.02"]
[EventType "swiss"]
[EventRounds "5"]
[EventCountry "CAN"]

1. d4 Nf6 2. c4 e6 3. Nc3 d5 4. Bg5 Be7 5. e3 h6 6. Bh4 O-O 7. Nf3 b6 8. Bd3
Bb7 9. O-O Nbd7 10. Qe2 Ne4 11. Bg3 c5 12. cxd5 Nxg3 13. hxg3 cxd4 14. Nxd4
exd5 15. Ba6 Bxa6 16. Qxa6 Nc5 17. Qe2 Bf6 18. Rad1 Re8 19. Ndb5 Bxc3 20. Nxc3
d4 21. Qc4 d3 22. b4 Ne6 23. Rxd3 Qf6 24. Ne4 Qg6 25. Nd6 Rf8 26. Rfd1 Ng5 27.
e4 Nh7 28. e5 Qe6 29. Qxe6 fxe6 30. Rc1 Rfd8 31. Rc7 Nf8 32. Rf3 Nd7 33. Nf7
Rac8 34. Rxa7 Ra8 35. Rb7 Rab8 36. Nxd8 1-0

[Event "RA March op"]
[Site "Ottawa CAN"]
[Date "2018.03.02"]
[Round "1"]
[White "Villeneuve, Robert"]
[Black "Demchenko, Svitlana"]
[Result "0-1"]
[WhiteElo "2062"]
[BlackElo "2270"]
[PlyCount "82"]
[EventDate "2018.03.02"]
[EventType "swiss"]
[EventRounds "5"]
[EventCountry "CAN"]

1. e4 c5 2. c3 g6 3. d4 cxd4 4. cxd4 d5 5. exd5 Qxd5 6. Nc3 Qa5 7. Bc4 Bg7 8.
Qb3 e6 9. d5 Nf6 10. dxe6 fxe6 11. Nf3 O-O 12. Bxe6+ Bxe6 13. Qxe6+ Kh8 14. O-O
Nbd7 15. Be3 Qh5 16. Qc4 Ng4 17. h3 Nxe3 18. fxe3 Rac8 19. Qd3 Nc5 20. Qd5 Qxd5
21. Nxd5 Bxb2 22. Rab1 Bg7 23. Rfc1 b6 24. Nf4 Rce8 25. Nd5 Rf5 26. Nc7 Rxe3
27. Nb5 Bh6 28. Rd1 Rf7 29. Rd8+ Kg7 30. Ra8 Re2 31. Rxa7 Rxa7 32. Nxa7 Nd3 33.
Nc8 Be3+ 34. Kh2 Nf4 35. Re1 Rxg2+ 36. Kh1 Re2 37. Rxe2 Nxe2 38. Ne5 Bd4 39.
Nc4 b5 40. Na3 b4 41. Nc2 Bc5 0-1

[Event "RA March op"]
[Site "Ottawa CAN"]
[Date "2018.03.03"]
[Round "2"]
[White "Demchenko, Svitlana"]
[Black "Yang, Fan"]
[Result "1-0"]
[WhiteElo "2270"]
[BlackElo "2134"]
[PlyCount "49"]
[EventDate "2018.03.02"]
[EventType "swiss"]
[EventRounds "5"]
[EventCountry "CAN"]

1. d4 d5 2. Nf3 Nf6 3. Bf4 e6 4. e3 Bd6 5. Ne5 O-O 6. Nd2 b6 7. Bd3 Bb7 8. O-O
c5 9. c3 Nc6 10. Bg3 Qc7 11. f4 Rfe8 12. Qf3 a5 13. Bh4 Be7 14. Qh3 g6 15. Nxf7
Kxf7 16. Bxf6 Kxf6 17. Qxh7 Rg8 18. g4 Rg7 19. g5+ Kf7 20. Bxg6+ Kf8 21. Qh8+
Rg8 22. Qh6+ Rg7 23. f5 exf5 24. Qh8+ Rg8 25. Rxf5+ 1-0

[Event "RA March op"]
[Site "Ottawa CAN"]
[Date "2018.03.03"]
[Round "2"]
[White "Doubleday, William"]
[Black "Dukic, Zachary"]
[Result "1/2-1/2"]
[WhiteElo "1981"]
[BlackElo "2254"]
[PlyCount "95"]
[EventDate "2018.03.02"]
[EventType "swiss"]
[EventRounds "5"]
[EventCountry "CAN"]

1. d4 Nf6 2. c4 g6 3. Nc3 Bg7 4. e4 d6 5. h3 O-O 6. Bg5 h6 7. Be3 Na6 8. Qd2 h5
9. Nf3 c5 10. d5 e6 11. Rd1 exd5 12. cxd5 Re8 13. Bd3 Bd7 14. O-O Rb8 15. Bf4
Bf8 16. Rfe1 Nc7 17. Bb1 b5 18. e5 dxe5 19. Nxe5 b4 20. Nxd7 Qxd7 21. Ne4 Nxe4
22. Bxe4 Bd6 23. Bg5 Nb5 24. Bd3 Nc7 25. Bb1 Rxe1+ 26. Rxe1 Re8 27. Be4 Be5 28.
Bf3 Bd4 29. Be3 Nb5 30. a4 bxa3 31. Bxd4 Rxe1+ 32. Qxe1 Nxd4 33. bxa3 Nxf3+ 34.
gxf3 Qxd5 35. Qa5 Qf5 36. Qxa7 c4 37. Qb8+ Kg7 38. Qb2+ Kh7 39. Qd4 Qb1+ 40.
Kg2 Qb5 41. Qf6 Kg8 42. Qd8+ Kg7 43. Qd4+ Kh7 44. Qf6 Qd7 45. a4 Qc7 46. Qc3
Qc5 47. a5 Qb5 48. Qf6 1/2-1/2

[Event "RA March op"]
[Site "Ottawa CAN"]
[Date "2018.03.03"]
[Round "2"]
[White "Huang, Qiuyu"]
[Black "Donev, Danail"]
[Result "1-0"]
[WhiteElo "2264"]
[BlackElo "2034"]
[PlyCount "85"]
[EventDate "2018.03.02"]
[EventType "swiss"]
[EventRounds "5"]
[EventCountry "CAN"]

1. e4 c5 2. Nf3 d6 3. d4 cxd4 4. Nxd4 Nf6 5. Nc3 a6 6. Bg5 e6 7. f4 Qc7 8. Qf3
b5 9. Bd3 Bb7 10. O-O-O Nc6 11. Nxc6 Qxc6 12. Rhe1 Be7 13. a3 O-O-O 14. Kb1 h6
15. Bh4 Rhe8 16. Bf2 d5 17. e5 Nd7 18. Bd4 b4 19. axb4 Bxb4 20. Rf1 Nc5 21. Na2
Qa4 22. c3 Nxd3 23. Qxd3 Bf8 24. Qe3 Bc6 25. Nc1 Bb5 26. b3 Qa3 27. Rf2 Rd7 28.
Ra2 Qe7 29. Nd3 Rb7 30. Nc5 Rb6 31. Ne4 Rc6 32. Nd6+ Rxd6 33. Bc5 Qd7 34. Bxd6
Bxd6 35. exd6 Qxd6 36. c4 Bd7 37. c5 Qc6 38. Qd3 Kb7 39. Ra4 f6 40. Rb4+ Ka7
41. Rb6 Qc8 42. Kb2 Bb5 43. Qxb5 1-0

[Event "RA March op"]
[Site "Ottawa CAN"]
[Date "2018.03.03"]
[Round "2"]
[White "Tanaka, Tyler"]
[Black "Sambuev, Bator"]
[Result "0-1"]
[WhiteElo "2158"]
[BlackElo "2581"]
[PlyCount "100"]
[EventDate "2018.03.02"]
[EventType "swiss"]
[EventRounds "5"]
[EventCountry "CAN"]

1. e4 g6 2. d4 Bg7 3. c4 d6 4. Nf3 Nf6 5. Nc3 O-O 6. h3 a6 7. Be2 c5 8. Be3
cxd4 9. Nxd4 Nc6 10. O-O Bd7 11. Qd2 Qa5 12. Rfd1 Rfc8 13. Rac1 b5 14. Nb3 Qd8
15. cxb5 axb5 16. Bxb5 Ne5 17. Bxd7 Qxd7 18. Qe2 Qb7 19. Bd4 Nc6 20. Be3 Nb4
21. a3 Na2 22. Nxa2 Qxb3 23. Nc3 Rc4 24. Rd4 Rac8 25. Rcd1 Nd7 26. Rxc4 Rxc4
27. Rc1 Bxc3 28. Rxc3 Rxc3 29. bxc3 Kg7 30. Qd3 Qxa3 31. Bd4+ e5 32. Be3 Nf6
33. Bg5 Ng8 34. Be3 h6 35. Qc4 Nf6 36. Qc6 g5 37. Qc4 Qa8 38. f3 Qa1+ 39. Kf2
Qb2+ 40. Kg1 Qb1+ 41. Kf2 Qc2+ 42. Kg1 Kg6 43. Kh2 Qd1 44. Bf2 Qd2 45. Bg3 h5
46. h4 g4 47. Qc8 gxf3 48. Qf5+ Kg7 49. Qg5+ Qxg5 50. hxg5 Nxe4 0-1

[Event "RA March op"]
[Site "Ottawa CAN"]
[Date "2018.03.03"]
[Round "3"]
[White "Doubleday, William"]
[Black "Kellar, Ben"]
[Result "1-0"]
[WhiteElo "1981"]
[BlackElo "2106"]
[PlyCount "53"]
[EventDate "2018.03.02"]
[EventType "swiss"]
[EventRounds "5"]
[EventCountry "CAN"]

1. d4 d5 2. c4 c6 3. e3 Nf6 4. Nc3 Bf5 5. Nf3 e6 6. Nh4 Be4 7. f3 Bg6 8. Nxg6
hxg6 9. Qb3 Qc7 10. Bd2 Bd6 11. cxd5 exd5 12. O-O-O O-O 13. e4 dxe4 14. fxe4
Ng4 15. e5 Be7 16. Bd3 Nf2 17. Bxg6 Qd7 18. Bxf7+ Kh8 19. e6 Qxd4 20. Kb1 Nxd1
21. Rxd1 Na6 22. Bg5 Qb4 23. Bxe7 Qxe7 24. Nd5 Qh4 25. Ne7 Qe4+ 26. Ka1 Qxg2
27. Ng6+ 1-0

[Event "RA March op"]
[Site "Ottawa CAN"]
[Date "2018.03.03"]
[Round "3"]
[White "Fei, David"]
[Black "Dukic, Zachary"]
[Result "0-1"]
[WhiteElo "1962"]
[BlackElo "2254"]
[PlyCount "120"]
[EventDate "2018.03.02"]
[EventType "swiss"]
[EventRounds "5"]
[EventCountry "CAN"]

1. Nf3 Nf6 2. c4 g6 3. Nc3 Bg7 4. e3 O-O 5. Be2 d6 6. O-O e5 7. d3 Nbd7 8. Bd2
a5 9. Ne1 Re8 10. e4 Nc5 11. Be3 Ne6 12. Nc2 Nd7 13. Qd2 Ndc5 14. g3 Nd4 15.
Bxd4 exd4 16. Nb5 Ne6 17. f4 c6 18. Nba3 Nc5 19. g4 f5 20. exf5 gxf5 21. g5 Be6
22. Ne1 Qe7 23. Bf3 d5 24. cxd5 Bxd5 25. Bxd5+ cxd5 26. Ng2 Qe2 27. Rad1 Qxd2
28. Rxd2 Re3 29. Rfd1 Ne6 30. Nc2 Rh3 31. Re2 Kf7 32. Kf2 Bf8 33. Rxe6 Kxe6 34.
Nxd4+ Kd7 35. Nxf5 Rc8 36. Rd2 Bb4 37. Re2 Rxd3 38. Nge3 Bc5 39. Ng7 Bd4 40.
Ngf5 Bb6 41. Ng7 Rg8 42. Nh5 Bd4 43. Nf6+ Bxf6 44. gxf6 h5 45. Nf5 Rf8 46. Re7+
Kd8 47. f7 Rd2+ 48. Ke3 Rxb2 49. Kd4 Rb6 50. Ke5 d4 51. Re6 Rb5+ 52. Kf6 Rxf7+
53. Kxf7 Rxf5+ 54. Kg6 Rxf4 55. Kxh5 Rf2 56. h4 Kc7 57. Re4 d3 58. Kg4 Rxa2 59.
Rd4 d2 60. Kf3 Ra4 0-1

[Event "RA March op"]
[Site "Ottawa CAN"]
[Date "2018.03.03"]
[Round "3"]
[White "Sambuev, Bator"]
[Black "Demchenko, Svitlana"]
[Result "1-0"]
[WhiteElo "2581"]
[BlackElo "2270"]
[PlyCount "35"]
[EventDate "2018.03.02"]
[EventType "swiss"]
[EventRounds "5"]
[EventCountry "CAN"]

1. d4 d5 2. c4 e6 3. Nc3 Nf6 4. Bg5 c6 5. e3 Nbd7 6. cxd5 exd5 7. Bd3 Be7 8.
Nge2 O-O 9. O-O Ne4 10. Bxe7 Qxe7 11. Bxe4 dxe4 12. Qc2 f5 13. f3 exf3 14. Rxf3
Nf6 15. Nf4 Ne4 16. Nxe4 Qxe4 17. Qb3+ Kh8 18. Ng6+ 1-0

[Event "RA March op"]
[Site "Ottawa CAN"]
[Date "2018.03.03"]
[Round "3"]
[White "Simic, Dusan"]
[Black "Huang, Qiuyu"]
[Result "1/2-1/2"]
[WhiteElo "2091"]
[BlackElo "2264"]
[PlyCount "118"]
[EventDate "2018.03.02"]
[EventType "swiss"]
[EventRounds "5"]
[EventCountry "CAN"]

1. Nf3 d5 2. d3 Nf6 3. Nbd2 c5 4. e4 Nc6 5. g3 dxe4 6. dxe4 Bg4 7. h3 Bh5 8.
Bg2 e6 9. O-O h6 10. Re1 Be7 11. Qe2 Nd4 12. Qd3 Nxf3+ 13. Nxf3 Qxd3 14. cxd3
Bxf3 15. Bxf3 O-O-O 16. Be2 Nd7 17. f4 Nb8 18. Be3 Nc6 19. Rac1 b6 20. Kf2 g5
21. f5 Bf6 22. fxe6 fxe6 23. Rb1 Rhf8 24. Kg2 a5 25. Bg4 Kd7 26. Bd2 Ke7 27.
Be2 Ne5 28. Bc3 Nxd3 29. Rf1 c4 30. Bxd3 Rxd3 31. e5 Bg7 32. Rxf8 Kxf8 33. Re1
Kg8 34. Re4 Rd5 35. Kf3 Kf7 36. h4 Kg6 37. hxg5 hxg5 38. g4 b5 39. Bxa5 Bxe5
40. Re2 Kf6 41. Be1 Rd3+ 42. Kg2 Bf4 43. Rc2 Rd1 44. Bf2 e5 45. Kf3 Rd3+ 46.
Ke4 Bg3 47. a4 bxa4 48. Rxc4 Rb3 49. Rc6+ Ke7 50. Bxg3 Rxg3 51. Kf5 e4 52. Re6+
Kf7 53. Rxe4 Rb3 54. Kxg5 Rxb2 55. Rxa4 Rb6 56. Ra7+ Kg8 57. Kh5 Rc6 58. g5 Rb6
59. g6 Rb1 1/2-1/2

[Event "RA March op"]
[Site "Ottawa CAN"]
[Date "2018.03.04"]
[Round "4"]
[White "Demchenko, Svitlana"]
[Black "Simic, Dusan"]
[Result "1-0"]
[WhiteElo "2270"]
[BlackElo "2091"]
[PlyCount "101"]
[EventDate "2018.03.02"]
[EventType "swiss"]
[EventRounds "5"]
[EventCountry "CAN"]

1. d4 d5 2. Nf3 Nf6 3. Bf4 c6 4. e3 Bf5 5. c4 dxc4 6. Bxc4 e6 7. O-O Be7 8. Qb3
b5 9. Be2 h6 10. a4 b4 11. Nbd2 Nbd7 12. Nc4 O-O 13. Nce5 Be4 14. Rac1 c5 15.
Rfd1 Bd5 16. Bc4 cxd4 17. Bxd5 Nxd5 18. Rxd4 Nxe5 19. Nxe5 Qe8 20. Nc6 Rc8 21.
Rdc4 Nxf4 22. exf4 Bf6 23. Qxb4 Qd7 24. g3 Qd5 25. Qb5 Kh8 26. Qxd5 exd5 27.
R4c2 Rc7 28. b4 Re8 29. Rd1 Rd7 30. Rcd2 d4 31. b5 Re6 32. Rd3 Red6 33. Kf1 g5
34. fxg5 hxg5 35. f3 a6 36. Nb8 Rc7 37. Nxa6 Rc4 38. a5 Ra4 39. b6 Rd8 40. Nc5
Rc4 41. Ne4 Be7 42. Ra1 f5 43. Nf2 Rb4 44. Rdd1 Ra8 45. Ra2 Rxb6 46. axb6 Rxa2
47. Re1 Bc5 48. b7 Bd6 49. b8=Q+ Bxb8 50. Re8+ Kg7 51. Rxb8 1-0

[Event "RA March op"]
[Site "Ottawa CAN"]
[Date "2018.03.04"]
[Round "4"]
[White "Dukic, Zachary"]
[Black "Sambuev, Bator"]
[Result "0-1"]
[WhiteElo "2254"]
[BlackElo "2581"]
[PlyCount "80"]
[EventDate "2018.03.02"]
[EventType "swiss"]
[EventRounds "5"]
[EventCountry "CAN"]

1. e4 c5 2. Nf3 Nc6 3. d4 cxd4 4. Nxd4 Nf6 5. Nc3 d6 6. Bg5 e6 7. Qd2 Be7 8.
O-O-O O-O 9. h4 a6 10. Kb1 Qc7 11. Be2 Rd8 12. f4 Nxd4 13. Qxd4 b5 14. a3 Bb7
15. Bf3 Rac8 16. Rhe1 h6 17. Qf2 Kf8 18. e5 dxe5 19. Rxd8+ Bxd8 20. Bxf6 gxf6
21. Bxb7 Qxb7 22. fxe5 f5 23. Ne2 Qe4 24. Nd4 Qxh4 25. g3 Qg4 26. c3 Kg7 27.
Nc2 Bg5 28. Nd4 Rd8 29. Ka2 Rd5 30. Nf3 Rd3 31. Nxg5 hxg5 32. Qa7 Qc4+ 33. Kb1
Qd5 34. Qe7 Qd8 35. Qxd8 Rxd8 36. Kc2 Kg6 37. Kb3 Rd2 38. c4 bxc4+ 39. Kc3 Rg2
40. Rd1 g4 0-1

[Event "RA March op"]
[Site "Ottawa CAN"]
[Date "2018.03.04"]
[Round "4"]
[White "Tanaka, Tyler"]
[Black "Gordon, David"]
[Result "1/2-1/2"]
[WhiteElo "2158"]
[BlackElo "2292"]
[PlyCount "106"]
[EventDate "2018.03.02"]
[EventType "swiss"]
[EventRounds "5"]
[EventCountry "CAN"]

1. e4 c5 2. Nf3 Nc6 3. d4 cxd4 4. Nxd4 e5 5. Nb5 d6 6. N1c3 a6 7. Na3 Be7 8.
Nc4 b5 9. Ne3 Nf6 10. Bd3 O-O 11. O-O Rb8 12. Ncd5 Be6 13. c3 a5 14. Qf3 Qd7
15. Rd1 Rfc8 16. Be2 Bd8 17. Nxf6+ Bxf6 18. Nd5 Bxd5 19. Rxd5 Ne7 20. Rd1 Qc6
21. Qd3 Rd8 22. Bf3 g6 23. g3 Bg7 24. Kg2 Qc7 25. h4 Qc4 26. Bg5 f6 27. Be3
Qxd3 28. Rxd3 Kf7 29. Rad1 Ke6 30. Bc5 Nc8 31. Bg4+ f5 32. Bh3 h5 33. f3 Bf8
34. Kf2 Be7 35. Ke2 Nb6 36. Bxb6 Rxb6 37. Rd5 Rdb8 38. Kd3 Rc6 39. Rc1 Rc5 40.
Rxc5 dxc5 41. Rd1 Rd8+ 42. Ke2 Rxd1 43. Kxd1 Kf6 44. exf5 gxf5 45. g4 fxg4 46.
fxg4 hxg4 47. Bxg4 Kg6 48. h5+ Kg5 49. Be2 b4 50. cxb4 cxb4 51. Kd2 a4 52. Ke3
Kf5 53. Bd3+ Ke6 1/2-1/2

[Event "RA March op"]
[Site "Ottawa CAN"]
[Date "2018.03.04"]
[Round "5"]
[White "Demchenko, Svitlana"]
[Black "Huang, Qiuyu"]
[Result "1/2-1/2"]
[WhiteElo "2270"]
[BlackElo "2264"]
[PlyCount "62"]
[EventDate "2018.03.02"]
[EventType "swiss"]
[EventRounds "5"]
[EventCountry "CAN"]

1. e4 c5 2. Nf3 Nc6 3. d4 cxd4 4. Nxd4 g6 5. c4 Bg7 6. Be3 Nf6 7. Nc3 d6 8. Be2
O-O 9. O-O Bd7 10. f3 Nxd4 11. Bxd4 a5 12. Qd2 Bc6 13. b3 Nd7 14. Be3 Nc5 15.
Rab1 Be5 16. a3 e6 17. b4 axb4 18. axb4 Ra3 19. bxc5 Rxc3 20. Bd4 Ra3 21. Rfd1
Qa5 22. cxd6 Bxd6 23. Qxa5 Rxa5 24. Ra1 Rfa8 25. Rxa5 Rxa5 26. Bb6 Bc5+ 27.
Bxc5 Rxc5 28. Kf2 e5 29. g4 h6 30. Ra1 Kf8 31. Ke3 Ke7 1/2-1/2

[Event "RA March op"]
[Site "Ottawa CAN"]
[Date "2018.03.04"]
[Round "5"]
[White "Dukic, Zachary"]
[Black "Tanaka, Tyler"]
[Result "1-0"]
[WhiteElo "2254"]
[BlackElo "2158"]
[PlyCount "77"]
[EventDate "2018.03.02"]
[EventType "swiss"]
[EventRounds "5"]
[EventCountry "CAN"]

1. e4 c5 2. Nf3 d6 3. d4 cxd4 4. Nxd4 Nf6 5. Nc3 g6 6. Be3 Bg7 7. f3 Nc6 8. Qd2
O-O 9. Bc4 Bd7 10. O-O-O Rc8 11. Bb3 Ne5 12. Kb1 Re8 13. h4 h5 14. g4 hxg4 15.
h5 Nxh5 16. Bh6 Rc5 17. Bxg7 Kxg7 18. f4 Nc4 19. Qf2 e6 20. Nde2 Qe7 21. Ng3
Rh8 22. e5 Nxe5 23. fxe5 Rxe5 24. Nge4 Bc6 25. Qd4 Rd8 26. Rhg1 Bxe4 27. Nxe4
Nf6 28. Nxf6 Qxf6 29. Qxg4 Rf5 30. Bc4 Rf4 31. Qe2 Rf2 32. Qe3 d5 33. Bd3 b6
34. Rgf1 Rxf1 35. Rxf1 Qe7 36. Bxg6 d4 37. Qe5+ f6 38. Qg3 Qd6 39. Qh4 1-0

[Event "RA March op"]
[Site "Ottawa CAN"]
[Date "2018.03.04"]
[Round "5"]
[White "Gordon, David"]
[Black "Kellar, Ben"]
[Result "1-0"]
[WhiteElo "2292"]
[BlackElo "2103"]
[PlyCount "65"]
[EventDate "2018.03.02"]
[EventType "swiss"]
[EventRounds "5"]
[EventCountry "CAN"]

1. d4 d5 2. Bf4 Nf6 3. e3 e6 4. Nf3 c5 5. c3 Nc6 6. Nbd2 Bd6 7. Ne5 O-O 8. Bd3
Qc7 9. Ndf3 Bd7 10. O-O c4 11. Bc2 b5 12. b4 cxb3 13. axb3 a5 14. Qd3 Rfb8 15.
Nxd7 Qxd7 16. Ne5 Qc7 17. Nxc6 Qxc6 18. Be5 Bxe5 19. dxe5 Ne4 20. f3 Nxc3 21.
Qxh7+ Kf8 22. Bd3 Qc5 23. Rae1 a4 24. f4 a3 25. f5 exf5 26. Rxf5 a2 27. Ref1
Qxe3+ 28. Kh1 Ra7 29. Qh8+ Ke7 30. Qxb8 f6 31. exf6+ gxf6 32. Rxf6 a1=Q 33.
Qd6+ 1-0

[Event "RA March op U1900"]
[Site "Ottawa CAN"]
[Date "2018.03.03"]
[Round "2"]
[White "Laurin, Marcel"]
[Black "Ning, Oswin"]
[Result "0-1"]
[WhiteElo "1715"]
[BlackElo "1603"]
[PlyCount "50"]
[EventDate "2018.03.02"]
[EventType "swiss"]
[EventRounds "5"]
[EventCountry "CAN"]

1. d4 d5 2. c4 c6 3. cxd5 cxd5 4. Nc3 Nf6 5. Nf3 Nc6 6. h3 Bf5 7. a3 e6 8. Bf4
a6 9. e3 Be7 10. Bd3 Bxd3 11. Qxd3 O-O 12. g4 Qb6 13. b4 Rac8 14. O-O Na7 15.
Ne5 Rfd8 16. Rfc1 Bd6 17. Rc2 Bxe5 18. Bxe5 Nd7 19. Bg3 Rc4 20. Rac1 Rdc8 21.
Kg2 Qc6 22. f3 Nb6 23. Be1 Nb5 24. Bd2 Na4 25. Nxd5 exd5 0-1